Normal view
MARC view
- Computer science
Entry Topical Term
001 - CONTROL NUMBER
- control field: 29714
003 - CONTROL NUMBER IDENTIFIER
- control field: NUST
005 - DATE AND TIME OF LATEST TRANSACTION
- control field: 20200901154718.0
008 - FIXED-LENGTH DATA ELEMENTS
- fixed length control field: 200901|| aca||aabn | a|a d
040 ## - CATALOGING SOURCE
- Original cataloging agency: NUST
- Transcribing agency: NUST
150 ## - HEADING--TOPICAL TERM
- Topical term or geographic name entry element: Computer science
670 ## - SOURCE DATA FOUND
- Source citation: Work cat.: (NUST)0: Goodaire, Edgar G. 29712, Discrete mathematics with graph theory /, c2006.
